Colorful People by Picture Quiz Stats

 Plays Quiz Updated Feb 11, 2016

Also try: Famous 'Co' People
Challenge
Share
Tweet
Score 0/18 Timer 05:00
2 Plays Today
Hint Answer % Correct
Jack Black
97.7%
Pink
91.1%
Betty White
89.4%
James Brown
76.8%
Cee Lo Green
66.5%
Seth Green
66.3%
Chris Brown
63.1%
Robert Redford
62.6%
Shaun White
54.3%
Hint Answer % Correct
Alicia Silverstone
52.3%
Jack White
49.8%
Macy Gray
36.3%
Jaleel White
35.4%
Vanna White
34.2%
Alton Brown
28.6%
Gordon Brown
26.4%
Jennifer Grey
23.9%
Al Green
19.2%

You're not logged in!

Compare scores with friends on all Sporcle quizzes.
OR
Log In

You Might Also Like...

Show Comments

Extras

Top Quizzes Today


Score Distribution

Your Account Isn't Verified!

In order to create a playlist on Sporcle, you need to verify the email address you used during registration. Go to your Sporcle Settings to finish the process.

Report this User

Report this user for behavior that violates our Community Guidelines.

Details: